Nuevo régimen matrimonial: ley N§19.335 analizada y comentada, régimen de participación en los gananciales, bienes familiares, despenalización del adulterio

Guardat en:
Dades bibliogràfiques
Autor principal: Schmitd Hott, Claudia (Autor)
Format: Llibre
Idioma:espanyol
Publicat: Santiago Jurídica Conosur 1995
Matèries:
Etiquetes: Afegir etiqueta
Sense etiquetes, Sigues el primer a etiquetar aquest registre!

MARC

LEADER 00000nam a2200000 a 4500
001 UCO8361
003 CL-VaPUC
008 001201e19950000CL |||||||||||||||||spa|d
082 0 4 |a 346.016  |b SCH  |2 21 
100 0 |a Schmitd Hott, Claudia  |e author  |9 453244 
245 1 0 |a Nuevo régimen matrimonial: ley N§19.335 analizada y comentada, régimen de participación en los gananciales, bienes familiares, despenalización del adulterio 
300 |a 107 p 
942 |c BK 
945 |d 20001201 00:00:00  |a vberengu 
260 |a Santiago  |b Jurídica Conosur  |c 1995 
650 0 |a Administración de bienes  |9 453245 
650 0 |a Adulterio  |9 320729 
650 7 |a BIENES GANANCIALES  |2 CL-VaPUC  |9 333667 
650 0 |a Código civil chileno  |9 255931 
650 0 |a Derecho de familia  |9 255603 
650 0 |a Derecho de familia  |9 255603 
650 7 |a REGIMEN MATRIMONIAL  |2 CL-VaPUC  |9 367270 
583 |a last modification  |c 20001201 00:00:00  |k Rodrigo Vera 
999 |c 293030  |d 293028 
952 |0 0  |1 0  |4 0  |6 346_016000000000000_SCH_1995  |7 0  |8 A  |9 344139  |a BIBDER  |b BIBDER  |d 2019-11-20  |i 3672743  |l 3  |o 346.016 SCH 1995  |p 3672743  |r 2025-05-09  |s 2025-05-09  |w 2019-11-20  |y BK  |k DER